00468cam a2200169 4500001001100000008004100011020001800052035001500070050002100085100001800106245008100124260003200205300001100237500001200248504002900260505000900289BFIL001535 1995 spa  a970-05-0582-0 aBFIL001535 4aPQ7296bG43 19951 aGlantz, Margo 0aSor Juana Ines de la Cruz : ¿hagiografia o autobiografia? /c Margo Glantz. aMéxico :bGrijalbo,c1995 a230 p. a1 ejem. aBibliografia: p. 217-230 aBFIL